000 01069nam a2200433Ia 4500
001 3675
005 20240113233642.0
007 ta
008 180531s1962 ii a g b000 u 465 u
020 _a81-85015-81-3
040 _aCotton College,Assam
041 _aeng
082 _a512.5
_bHa 117 Li
100 _aHadley, G. .,
_eAuthor.
245 0 _aLinear Algebra /
_cG. Hadley.
_hTextual Documents
250 _a1st ed. /
260 _aNew Delhi :
_bNarosa Publishing House ,
_c1962.
300 _aix, 290p. :
_bill ;
_c22cm .
504 _aIndex
653 _aMathematics
653 _aAlgebra-Linear
653 _aLinear Algebra
653 _aPG-Mathematics
653 _aG-Mathematics
653 _aT/G-Mathematics
942 _2ddc
_cBK
999 _c3663
_d3663